Loading...
| Science - Chemistry | 3 | 4 | 3 | 0 | 70 | 44 | 72.86 | 4 | 7 |
| Philosophy | 0 | 6 | 0 | 0 | 60 | 110 | 131.83 | 3 | 6 |
| Science - Physics | 0 | 6 | 1 | 0 | 55 | 102 | 115.67 | 2 | 6 |
| Religion | 0 | 5 | 0 | 0 | 50 | 107 | 129.40 | 2 | 5 |
| Fine Arts - Painting and Sculpture | 0 | 5 | 0 | 0 | 50 | 111 | 127.20 | 1 | 5 |
| Social Science | 0 | 5 | 1 | 1 | 45 | 95 | 120.60 | 4 | 4 |
| Science - Biology | 0 | 5 | 1 | 1 | 45 | 10 | 92.00 | 2 | 5 |
| Science - Other Science | 0 | 4 | 0 | 1 | 40 | 110 | 125.25 | 2 | 4 |
| Literature - Long Fiction | 1 | 2 | 0 | 0 | 35 | 65 | 109.33 | 3 | 3 |
| Current Events | 2 | 1 | 3 | 0 | 25 | 41 | 56.33 | 2 | 3 |
| History - American History | 0 | 3 | 1 | 0 | 25 | 90 | 100.33 | 1 | 3 |
| History - World History | 0 | 3 | 1 | 0 | 25 | 96 | 129.00 | 3 | 3 |
| Geography | 0 | 2 | 0 | 0 | 20 | 123 | 123.50 | 1 | 2 |
| Literature - Misc Literature | 0 | 2 | 0 | 0 | 20 | 105 | 110.00 | 2 | 2 |
| Literature - Drama | 0 | 2 | 0 | 0 | 20 | 121 | 128.00 | 2 | 2 |
| History - Other History | 0 | 2 | 0 | 0 | 20 | 126 | 131.50 | 1 | 2 |
| Fine Arts - Other Fine Arts | 0 | 2 | 0 | 0 | 20 | 109 | 119.50 | 0 | 2 |
| Literature - Short Fiction | 0 | 1 | 0 | 1 | 10 | 162 | 162.00 | 0 | 1 |
| History - European History | 0 | 2 | 2 | 0 | 10 | 112 | 116.50 | 0 | 2 |
| Other Academic | 0 | 1 | 0 | 0 | 10 | 124 | 124.00 | 0 | 1 |
| Literature - Poetry | 0 | 1 | 1 | 0 | 5 | 117 | 117.00 | 0 | 1 |
| Mythology | 0 | 1 | 2 | 0 | 0 | 109 | 109.00 | 1 | 1 |
| Fine Arts - Classical Music | 0 | 0 | 1 | 0 | -5 | 0.00 | 0 | 0 |